Piosenki - Mata - Statystyki

Ogólne statystyki
  • Ten quiz został rozwiązany 2 463 razy
  • Średni wynik to 21 z 41
Statystyki odpowiedzi
Rok Piosenka % Poprawnych
2019 Patointeligencja
86%
2021 Patoreakcja
86%
2020 Schodki
84%
2021 Kiss cam (podryw roku)
83%
2020 100 dni do matury
77%
2021 Szafir
77%
2021 Szmata
73%
2021 Papuga
69%
2020 GOMBAO 33
66%
2021 Blok
64%
2021 Blok (skit)
64%
2020 Prawy do lewego
64%
2019 Biblioteka Trap
63%
2019 Mata Montana
63%
2020 Żółte flamastry i grube katechetki
56%
2021 Młody Bachor (outro)
55%
2021 La la la (oh oh)
54%
2021 IKEA (intro)
53%
2021 2001
52%
2021 Faka
52%
2020 Piszę to na matmie
51%
2021 SKUTE BOBO
51%
2021 Kurtz
50%
2021 Nasza klasa ale to drill
48%
2020 Lezore
47%
2020 Tango
45%
2020 Nero
43%
2021 67-410
40%
2020 Wino Sangrita (s01e01)
40%
2021 15,2 (freestyle)
39%
2020 Cafe PRL
39%
2019 Brum brum
38%
2020 Homo ludens
33%
2021 Skit (skit)
31%
2020 Konkubinat
30%
2020 Intro (do nauki)
29%
2021 Dzwoni papuga (skit)
21%
2021 Bros before hoes (skit)
20%
2020 PDW
18%
2020 Aromatyczne Przyprawy
15%
2020 Halellujach (Cover)
3%
Nie znaleziono quizów pasujących do podanych kryteriów
Rozkład punktacji
Procent ludzi z każdym wynikiem
Percentyl według liczby udzielonych odpowiedzi
Twoja historia wyników
Nie rozwiązałeś tego quizu